Limiters and clippers (Record no. 194285)
[ view plain ]
| 000 -LEADER | |
|---|---|
| fixed length control field | 00598 a2200169 4500 |
| 003 - CONTROL NUMBER IDENTIFIER | |
| control field | Nust |
| 005 - DATE AND TIME OF LATEST TRANSACTION | |
| control field | 20170207154120.0 |
| 040 ## - CATALOGING SOURCE | |
| Transcribing agency | Nust |
| 082 ## - DEWEY DECIMAL CLASSIFICATION NUMBER | |
| Classification number | 623.8224 |
| 245 ## - TITLE STATEMENT | |
| Title | Limiters and clippers |
| Statement of responsibility, etc. | edited by Alexendar Schure |
| 250 ## - EDITION STATEMENT | |
| Edition statement | 1st ed. |
| 260 ## - PUBLICATION, DISTRIBUTION, ETC. | |
| Place of publication, distribution, etc. | London |
| Name of publisher, distributor, etc. | John F. Rider |
| Date of publication, distribution, etc. | 1955 |
| 300 ## - PHYSICAL DESCRIPTION | |
| Extent | 55 p. |
| 505 ## - FORMATTED CONTENTS NOTE | |
| Formatted contents note | Series Diode Limiters (Page-1), Parallel Diode Limiting (Page-10), Limiting To Specified Magnitudes (Page-17), Triode Limiters (Page-26), Saturation And Cutoff Limiters (Page-37), Other Limiter Applications (Page-48). |
| 538 ## - SYSTEM DETAILS NOTE | |
| System details note | Almirah No.42 Shelf No. 2 |
| 650 ## - SUBJECT ADDED ENTRY--TOPICAL TERM | |
| Topical term or geographic name entry element | Diode |
| 942 ## - ADDED ENTRY ELEMENTS (KOHA) | |
| Source of classification or shelving scheme | |
| Koha item type | Book |
| Withdrawn status | Lost status | Source of classification or shelving scheme | Damaged status | Not for loan | Collection code | Permanent Location | Current Location | Date acquired | Total Checkouts | Full call number | Barcode | Date last seen | Price effective from | Koha item type |
|---|---|---|---|---|---|---|---|---|---|---|---|---|---|---|
| Military College of Signals (MCS) | Military College of Signals (MCS) | 12/12/2016 | 623.8224 LIM | MCS5345 | 12/08/2016 | 12/12/2016 | Book |
